Segamat district, Johore

Bibliographic Details
Main Author: GYEKIS
Format: Book
Published: (Kepong) : Forest Research Institute, Forest Departmentc1966
Series:Forest resources reconnaissance survey of Malaya report; no.7
Subjects:

MARC

LEADER 00000cam a2200000 7i4500
001 0000001674
005 20011017.0
090 0 0 |a 634.9285   |b GYE 1966 
100 1 0 |a GYEKIS   |h Kerry D. 
245 1 0 |a Segamat district, Johore   |c by Kerry D. Gyekis 
260 0 0 |a (Kepong) :   |b Forest Research Institute, Forest Departmentc1966 
300 |a 1v. (various pagings) :   |b ill., maps ;   |c 34 cm. 
440 0 0 |a Forest resources reconnaissance survey of Malaya report; no.7 
650 0 0 |a Forest surveys   |z Malaysia   |z Johore 
650 0 0 |a Forests and forestry   |x Mensuration 
650 0 0 |a Surveys 
998 |a JPSM 
999 |a 0000002618   |b Monograph   |c Open Shelf   |e Default branch 
999 |a 0000002976   |b Monograph   |c Open Shelf   |e Default branch